[Event "Budapest RWE Gas m"]
[Site "Budapest"]
[Date "2001.01.06"]
[Round "8"]
[White "Leko, Peter"]
[Black "Kramnik, Vladimir"]
[Result "1-0"]
[WhiteElo "2743"]
[BlackElo "2770"]
[Annotator "Wedberg,T"]
[PlyCount "124"]
[EventDate "2001.01.02"]
[EventType "match (rapid)"]
[EventRounds "12"]
[EventCountry "HUN"]
[SourceTitle "CBM 081"]
[Source "ChessBase"]
[SourceDate "2001.03.20"]
[SourceVersion "1"]
[SourceVersionDate "2001.03.20"]
[SourceQuality "1"]

1. e4 e5 2. Nf3 Nc6 3. Bb5 Nf6 4. O-O Nxe4 5. d4 Nd6 6. Bxc6 dxc6 7. dxe5 Nf5
8. Qxd8+ Kxd8 9. Nc3 Bd7 10. Rd1 (10. b3 {has been the subject of a bunch of
recent games, most notably the Kasparov-Kramnik games from the match.}) (10. h3
h6 11. Bf4 {in Shirov,A-Almasi,Z/Polanica Zdroj 2000/CBM 79 (40) proved that
the B is not that effective on f4.}) 10... Kc8 11. Ng5 $5 $146 {[%mdl 8] An
hungarian recipe. White gains a vital tempo and also clears the way for the
K-side Ps.} Be8 12. b3 ({Also interesting is} 12. Nge4 b6 13. h3 Kb7 14. g4 Nh4
15. f4 c5 16. Kf2 Ng6 17. b3 h6 18. Be3 Bc6 19. Nd5 $14 {1-0 Acs,P-Cvek,R/
Charleville 2000/CBM 79 ext (61)}) 12... b6 13. Bb2 Be7 14. Nge4 Kb7 15. Rd3
Rd8 16. Rad1 Rxd3 17. Rxd3 h5 18. Bc1 $1 $14 {[%cal Yc1g5] The g5-square is
always a problem for Black when he has played h5.} f6 19. exf6 gxf6 {This type
of position occurs sometimes in the Berlin when Black feels forced to play f6.
It gives White excellent winning chances.} 20. Ne2 c5 21. Bb2 Rf8 22. Nf4 Bc6
23. f3 Nh4 24. Nd5 f5 25. Nef6 Bd6 26. g3 Ng6 27. Nxh5 $16 Re8 28. Kf2 Ne5 29.
Bxe5 Bxe5 30. Nhf4 Bd4+ 31. Kf1 a5 32. c3 Bg7 33. c4 Bd4 34. a4 Rh8 35. h4 Rg8
36. Kg2 Re8 37. Kf1 Rg8 38. Ne2 Bxd5 39. cxd5 Be5 40. f4 Bd6 41. Kf2 $18 Kc8
42. Kf3 Kd7 43. Nc3 Be7 44. Nd1 Rf8 45. Ne3 Rf6 46. Nc4 Bd6 47. Re3 Rh6 48.
Ne5+ Kc8 49. Nf7 Rf6 50. Ng5 Kd7 51. Re6 Rf8 52. h5 b5 53. axb5 c4 54. bxc4 a4
55. Re2 Bb4 56. Rb2 Bc3 57. Rc2 Bh8 58. Ra2 Ra8 59. Nf7 Bc3 60. h6 Ke7 61. Ne5
a3 62. h7 Bb2 1-0

[Event "Budapest RWE Gas m"]
[Site "Budapest"]
[Date "2001.01.07"]
[Round "9"]
[White "Kramnik, Vladimir"]
[Black "Leko, Peter"]
[Result "1-0"]
[WhiteElo "2770"]
[BlackElo "2743"]
[PlyCount "101"]
[EventDate "2001.01.02"]
[EventType "match (rapid)"]
[EventRounds "12"]
[EventCountry "HUN"]
[SourceTitle "CBM 081"]
[Source "ChessBase"]
[SourceDate "2001.03.20"]
[SourceVersion "1"]
[SourceVersionDate "2001.03.20"]
[SourceQuality "1"]

1. d4 Nf6 2. c4 e6 3. Nc3 Bb4 4. e3 c5 5. Nge2 cxd4 6. exd4 O-O 7. a3 Be7 8.
Nf4 d5 9. cxd5 Nxd5 10. Ncxd5 exd5 11. Bd3 Nc6 12. O-O Bg5 13. Re1 Bxf4 14.
Bxf4 Qf6 15. Be5 Nxe5 16. Rxe5 Be6 17. Qd2 Rad8 18. Rae1 h6 19. R1e3 Bd7 20. h3
Qd6 21. Qa5 Qb6 22. Qxb6 axb6 23. Be2 Be6 24. f4 g6 25. Bd3 Bc8 26. Re7 Kg7 27.
Bb5 Kf6 28. Rc7 Rd6 29. Rec3 Rdd8 30. Re3 Rd6 31. a4 Rdd8 32. Kf2 Rd6 33. g4
Rdd8 34. Kg3 g5 35. f5 h5 36. Ree7 hxg4 37. hxg4 Kg7 38. Kf3 Kf6 39. Ke3 Kg7
40. Kd3 Kf6 41. Kc3 Kg7 42. Kb4 Kf6 43. Ka3 Kg7 44. b4 Kf6 45. a5 bxa5 46. bxa5
Kg7 47. Kb4 Kf6 48. Kc5 Kg7 49. Be2 Rde8 50. Rxe8 Rxe8 51. Bf3 1-0

[Event "Budapest RWE Gas m"]
[Site "Budapest"]
[Date "2001.01.08"]
[Round "11"]
[White "Kramnik, Vladimir"]
[Black "Leko, Peter"]
[Result "1/2-1/2"]
[WhiteElo "2770"]
[BlackElo "2743"]
[Annotator "Tsesarsky,I"]
[PlyCount "60"]
[EventDate "2001.01.02"]
[EventType "match (rapid)"]
[EventRounds "12"]
[EventCountry "HUN"]
[SourceTitle "CBM 081"]
[Source "ChessBase"]
[SourceDate "2001.03.20"]
[SourceVersion "1"]
[SourceVersionDate "2001.03.20"]
[SourceQuality "1"]

1. d4 e6 (1... g6 2. c4 Bg7 3. Nc3 c5 4. d5 d6 5. e4 e6 6. Bd3 exd5 7. cxd5 a6
8. a4 Nh6 9. Nf3 {-see comments to the game 0-1 Magai,V-Degraeve,J/Istanbul
2000/EXT 2001 (38) [Tsesarsky]}) 2. c4 c5 3. d5 exd5 4. cxd5 d6 5. Nc3 g6 6. e4
Bg7 {The idea of this variation, or, if you want, this moves order idea, is to
delay Ng8 development.} 7. Nf3 a6 ({Dubious looks} 7... Bg4 $6 8. Qb3 $1 (8.
Be2 Bxf3 9. Bxf3 Nd7 10. O-O a6 11. a4 Ne7 12. a5 $14 {1-0 Waldner,
A-Regenfelder,E/St Veit 1995/EXT 98 (37)}) 8... Bxf3 9. gxf3 Qe7 10. Nb5 $1 {
[%csl Rb7][%cal Gb5d6]} (10. Bf4 Nd7 11. Qxb7 Rb8 12. Qc6 Bxc3+ 13. bxc3 Qf6
14. Bh3 Qxf4 (14... Qxc3+ 15. Kf1 Qxa1+ 16. Kg2 $18) 15. Qxd7+ Kf8 16. O-O Nf6
17. Qxa7 Kg7 18. Bg2 $14 {1/2-1/2 Kanko,I-Kivijarvi,J/FIN 1999/EXT 2000 (52)})
10... Na6 11. Bf4 Be5 12. Bxe5 dxe5 (12... Qxe5 13. Nc3 $16 {[%csl Ra6,Rb7]
[%cal Gf1a6]}) 13. Nc3 $16) ({Badly also} 7... Nd7 $6 8. Bf4 Ngf6 9. Bxd6 Qb6
10. e5 Qxb2 11. Qc1 $1 $16 {1-0 Arlandi,E-Cacco,C/San Marino 1998/EXT 2000 (21)
}) 8. h3 {This move's idea is to restrict Bc8, but if White doesn't play a2-a4,
Black plays b7-b5 without difficulties and starts counterplay on the queenside.
} (8. Bg5 Qa5 9. Qc2 Nf6 10. Nd2 b5 11. Be2 Nbd7 12. O-O O-O $14 {1/2-1/2
Hoerrmann,K-Kalker,P/Friedrichshafen 1983/GER (13)}) ({Worth of attention also
} 8. Bf4 Bg4 (8... b5 9. e5 dxe5 10. Nxe5 Nf6 11. Be2 O-O 12. O-O Bb7 (12...
Nfd7 13. Nxd7 (13. Nd3 Bb7 14. Bf3 c4 15. Nb4 Ne5 16. Bxe5 Bxe5 17. Nc6 Bxc6
18. dxc6 Ra7 19. a4 b4 $15 {0-1 Hoang Than Trang-Borocz,I/Budapest 1998/CBM 63
ext (40)}) 13... Nxd7 14. Qd2 $14 {[%csl Gd5]}) 13. Bf3 Qc8 14. Qc2 Nh5 15.
Bxh5 gxh5 16. Rad1 $14 {1/2-1/2 Hoang Than Trang-Varga,Z/Budapest 1997/CBM 62
ext (49)}) 9. Be2 $5 Bxf3 10. Bxf3 Nd7 11. Bxd6 Qb6 12. e5 Nxe5 13. Qa4+ Nd7
14. Ne4 f5 15. Bxc5 Qxb2 16. O-O fxe4 17. Rab1 b5 18. Qxe4+ Qe5 19. Qb4 {
With very strong attack for sacrificed material 1-0 Gelfand,B-Lobron,E/
Amsterdam 1988/CBM 09 (29)}) (8. a4 {-mainline}) 8... b5 {Of course. It is not
necessary to wait for a2-a4.} 9. Bd3 Ne7 $5 {This move's idea is to leave
a1-h8 big diagonal open for Bg7.} ({Interesting is also - and, in my opinion,
better is} 9... Nf6 {-this position was played not once and promises covenient
future for Black. For example:} 10. O-O O-O 11. a3 (11. Re1 Nbd7 12. a4 b4 13.
Nb1 a5 {-see commented game 1-0 Psakhis,L-Spraggett,K/Barcelona 1993/CBM 38 
(52) [Stohl]}) (11. Bf4 Re8 12. Re1 Bb7 {see commented game 0-1 Dautov,
R-Lobron,E/Essen 1999/CBM 71 (56) [Dautov]}) 11... Re8 12. Re1 Nbd7 {-see
commented game 0-1 Ibragimov,I-Batsanin,D/Novgorod 1997/CBM 60 (40) [Stohl]}) {
Otherwise, Black played 9...Ne7. Probably Kramnik prepared something on 9...
Nf6...} 10. O-O O-O 11. Bf4 h6 {[%mdl 4] The 9...Ne7 move's idea is deeper
than not to obstruct the a1-h8 diagonal! Ne7 will jump on g6 after g6-g5
promotion.} 12. Re1 g5 13. Bh2 Ng6 {[%csl Re5]} 14. e5 $5 {White doesn't want
to wait for the next move Rf8-e8.} Nxe5 15. Nxe5 dxe5 16. Bxe5 Bxe5 17. Rxe5 {
Certain development advantage, Pd5 and weakened Kg8 makes impression of a big
advantage, but it is not true.} Nd7 $132 18. Re1 Nf6 19. Qf3 (19. d6 $5 Ra7 20.
Qd2 Re8 21. Rxe8+ Nxe8 22. Ne4 c4 23. Bc2 Bf5 24. Qd4 Rd7 25. Rd1 Bxe4 26. Qxe4
Kf8 {[%csl Rd6]} 27. Qe5 f6 28. Qe4 Rxd6 29. Re1 $44) 19... Qd6 20. a4 $5 ({
Another possibility was} 20. Rad1 $5 Bd7 $1 ({Not} 20... Bb7 $2 21. Ne4 Nxe4
22. Qxe4 {with strong initiative:} f5 23. Qe6+ Qxe6 24. dxe6 Rae8 25. Re5 Re7 (
25... f4 26. Bg6 $18) 26. Bxf5 $16) 21. Ne4 Nxe4 22. Qxe4 f5 23. Qe7 (23. Qe5
Qxe5 24. Rxe5 Rae8 $11) 23... Rf6 24. Re5 Qxe7 25. Rxe7 Rd6 26. Re5 Kf7 $11)
20... c4 21. Bc2 Bd7 22. Ne4 ({Or} 22. Rad1 Rae8 23. Rxe8 Rxe8 24. axb5 axb5
$11) 22... Nxe4 23. Qxe4 f5 24. Qe7 Qxe7 (24... Rf6 $2 25. Qxd6 Rxd6 26. axb5
$16) 25. Rxe7 Rad8 (25... Rf7 $2 26. Rxf7 Kxf7 27. axb5 $16) 26. axb5 Bxb5 27.
Ba4 {Position is simlified, and opponents will agree to draw very soon.} (27.
Rd1 Rf6 $11) 27... Rf7 (27... Rxd5 28. Bxb5 axb5 29. Raa7 $11) 28. Re5 Rfd7 29.
Bxb5 axb5 30. Ra5 Rxd5 1/2-1/2

[Event "Budapest RWE Gas m"]
[Site "Budapest"]
[Date "2001.01.08"]
[Round "12"]
[White "Leko, Peter"]
[Black "Kramnik, Vladimir"]
[Result "1/2-1/2"]
[WhiteElo "2743"]
[BlackElo "2770"]
[Annotator "Golod,V"]
[PlyCount "66"]
[EventDate "2001.01.02"]
[EventType "match (rapid)"]
[EventRounds "12"]
[EventCountry "HUN"]
[SourceTitle "CBM 081"]
[Source "ChessBase"]
[SourceDate "2001.03.20"]
[SourceVersion "1"]
[SourceVersionDate "2001.03.20"]
[SourceQuality "1"]

1. e4 c5 2. Nf3 Nc6 3. d4 cxd4 4. Nxd4 Nf6 5. Nc3 e6 6. Ndb5 Bb4 7. a3 Bxc3+ 8.
Nxc3 d5 9. exd5 exd5 10. Bd3 O-O 11. O-O d4 12. Ne4 Bf5 13. Bg5 Bxe4 14. Bxe4
h6 15. Bxf6 Qxf6 {This variation idea is to simplify position by pieces
exchange and though Black has isolated Pd4 and N against strong B, Black has
enough resourses to finish the game draw. Of course, the main evaluation of
this variation position is +/=. Here White can play:} 16. Re1 {[%mdl 4]} ({or} 
16. Qf3 {(it's another mainline)} Qxf3 17. Bxf3 Rac8 (17... Ne5 18. Be4 (18.
Bxb7 Rab8 19. Be4 Rxb2 20. Rfb1 Rxb1+ 21. Rxb1 $14 {1/2-1/2 Bragin,A-Markov,J/
Podolsk ch club 1993/ (40)}) 18... Rac8 19. Rfe1 b6 20. Rad1 Rfd8 21. Bb7 Rc7
22. Rxe5 Rxb7 23. Kf1 $16 {[%csl Rd4] 1-0 Stean,M-Tompa,J/Graz Stu tt(6) 1972/
(43)}) 18. Rfe1 Rfd8 19. Rad1 g6 (19... Kf8 20. Kf1 $14 {1/2-1/2 Xie,J-Polgar,
Z/Jaen (m/8) 1996/ (28)}) 20. Rd2 {1/2-1/2 Benjamin,J-Christiansen,L/
Philadelphia World ,EXT 1989/ (20)}) ({Worth of attention} 16. Qd3 $5 {played
in two following games last and this year:} Rad8 (16... Rfe8 17. f4 Re7 18. g3
Rae8 19. Rfe1 Kf8 20. Re2 Nb8 21. Rae1 $14 {1-0 Grafl,F-Pecnik,L/Halkidiki GRE
2000/The Week in Chess 310 (35)}) 17. Rad1 Ne5 18. Qb3 b6 19. Qa4 Rfe8 20. Rfe1
$14 {1-0 Zapata,A-Lima,D/Santos BRA 2001/The Week in Chess 326 (34)}) 16...
Rac8 {Except of this move black has various moves with R:} (16... Rad8 17. Qf3
(17. Qd3 Ne5 18. Qb3 b6 19. Re2 g6 20. Rae1 Kg7 21. Qb5 Rfe8 22. Bd3 Nxd3 23.
Qxd3 $14 {1/2-1/2 Kudrin,S-Chandler,M/London Lloyds 1987/ (30)}) 17... Qd6 (
17... Qxf3 18. Bxf3 d3 19. cxd3 Rxd3 20. Rad1 Rxd1 21. Rxd1 Rd8 22. Rd5 $14 {
1/2-1/2 Aseev,K-Sorokin,M/Saint Petersburg zt (7) 1993/ (51)}) 18. Qg3 Qxg3 19.
hxg3 Rd6 20. Kf1 g6 21. Rad1 Rfd8 22. Bxc6 Rxc6 23. c3 $14 {1/2-1/2 Leko,
P-Timman,J/Wijk aan Zee NED 2001/The Week in Chess 324 (52)}) (16... Rfe8 17.
Qf3 Qxf3 (17... Re6 18. Qxf6 Rxf6 19. Rad1 (19. Bd3 $14 {1/2-1/2 Mokry-van
Riemsdijk/Moscow ol 1994/ (32)}) 19... Re8 20. Kf1 Kf8 21. Bf3 $14 {1-0
Sorokin,M-Van Riemsdijk,H/San Martin 1993/ (67)}) 18. Bxf3 Rxe1+ 19. Rxe1 Rc8 (
19... Rd8 20. Kf1 Kf8 21. Ke2 Re8+ 22. Kd1 Rc8 23. Kd2 $14 {1/2-1/2 Ninov,
N-Manolov,I/Bankia tt ,EXT 1992/ (43)}) 20. Kf1 Kf8 21. Be4 b6 22. f4 Ne7 23.
Re2 f5 24. Bf3 $14 {Leko,P-Kramnik,V/Budapest HUN 2001/The Week in Chess 322/
0-1 (133)}) (16... Rfd8 17. Qh5 Rd7 18. Rad1 Rad8 19. Qf5 Qxf5 20. Bxf5 Rd6 21.
Bd3 {1-0 Terentiev,V-Li/Ekaterinburg 1997/EXP 57/ (46)}) 17. Qh5 $146 b6 $5 {
Black replaces Pb7 from white square where maybe attacked by white B.} ({
Possible also:} 17... Rfe8 18. Qf5 Qxf5 19. Bxf5 Rcd8 20. Rad1 g6 21. Be4 $14)
18. Rad1 (18. Qf5 $5 Qxf5 19. Bxf5 Rc7 20. Rad1 Rd8 21. f4 $14) 18... Rfd8 19.
Qf5 {Black can't avoid QQ excange...} Qxf5 20. Bxf5 Rc7 21. Rd2 (21. Re2 g6 22.
Bd3 Kg7 23. g3 {Here black can realise the same plan, like in this game:} Na5
$132 {[%cal Ga5b7,Gb7c5]}) 21... g6 22. Bd3 Kg7 23. g3 Na5 $1 {[%cal Ga5b7,
Gb7c5] Black neutralizes White pressure easile.} 24. Kg2 Nb7 25. Rde2 Kf8 26.
f4 Nc5 27. Kf3 Na4 $1 (27... Nxd3 $6 28. cxd3 $14) 28. Rb1 (28. b3 $2 Nb2 $1
29. Bb5 (29. Be4 f5) 29... Rc3+ 30. Kf2 d3 31. Re8+ Rxe8 32. Rxe8+ Kg7 33. Bxd3
Nxd3+ 34. cxd3 Rxb3 $17) 28... Rd5 (28... Nc5 $11) 29. Rd2 (29. g4 Re7 30. Rxe7
Kxe7 31. h4 b5 32. g5 hxg5 33. hxg5 Kd6 $11) 29... Kg7 30. Be4 Rdd7 31. Bd3 Rd5
32. Be4 Rdd7 33. Bd3 Rd5 1/2-1/2

[Event "Corus"]
[Site "Wijk aan Zee"]
[Date "2001.01.14"]
[Round "2"]
[White "Kramnik, Vladimir"]
[Black "Van Wely, Loek"]
[Result "1-0"]
[WhiteElo "2772"]
[BlackElo "2700"]
[Annotator "Krasenkow,M"]
[PlyCount "65"]
[EventDate "2001.01.13"]
[EventType "tourn"]
[EventRounds "13"]
[EventCountry "NED"]
[EventCategory "19"]
[SourceTitle "CBM 081"]
[Source "ChessBase"]
[SourceDate "2001.03.20"]
[SourceVersion "1"]
[SourceVersionDate "2001.03.20"]
[SourceQuality "1"]

{[%mdl 1]} 1. d4 {Ftacnik} Nf6 2. c4 g6 3. Nc3 d5 4. cxd5 Nxd5 5. e4 Nxc3 6.
bxc3 Bg7 7. Nf3 c5 8. Be3 Qa5 9. Qd2 Nc6 10. Rc1 cxd4 11. cxd4 Qxd2+ 12. Kxd2
O-O 13. d5 Rd8 14. Ke1 Na5 {This (theoretically harmless) line has been
discussed in detail in CBM73, in annotations to Yermolinsky-Kudrin. I supposed
there that Alex Yermolinsky had probably prepared a novelty. Was it what
Kramnik played in this game?} 15. Bg5 Bd7 (15... Kf8 16. Bd3 f5 17. Rc7 $5 ({
A new idea by A.Yermolinsky, which is better than} 17. Ke2 fxe4 18. Bxe4 Bd7
19. Rhd1 Ba4 20. Rd2 Bb5+ 21. Ke1 Nc4 22. Rdd1 Nd6 {1/2-1/2 Yermolinsky,
A-Kudrin,S/ch-USA prelim A 1999 (46)}) 17... Rd7 18. Rc2 h6 $5 {This is a pawn
sacrifice, which looks quite risky for Black.} (18... Nc6 19. Bb5 fxe4 20. dxc6
Rd5 21. Bc4 Rf5 22. Rd2 $14 {Yermolinsky,A-Casella,M/Los Angeles 2000}) ({if} 
18... Rd8 {then the white rook stands better on c2 than on c1, e.g.} 19. Ke2
fxe4 20. Bxe4 Bd7 21. Rhc1 $36) 19. Be3 (19. Bd2 b6) 19... b6 20. exf5 Bb7 $44
{A.Yermolinsky}) 16. Bd3 Rdc8 17. Ke2 e6 18. Be3 $1 $146 {[%mdl 8] A very
interesting novelty. White is now threatening 19.Rxc8, after which Black must
give up either the a7 pawn (19...Rxc8) or the c-file (19...Bxc8).} (18. Bd2
exd5 $1 19. exd5 Re8+ 20. Be3 a6 21. Rc7 Rad8 22. Rb1 Bg4 23. h3 Bxf3+ 24. Kxf3
Rxd5 25. Be4 Rde5 26. Bxb7 Rf5+ 27. Ke2 Nxb7 28. Rbxb7 Bd4 {1/2-1/2 Chekhov,
V-Schmidt,W/Prague Bohemians 1989 (32)}) 18... exd5 19. exd5 b6 {'?' Ftacnik.
Protecting the a7 pawn; however, White now captures the c-file.} (19... Rd8 $5)
(19... Ba4 {Ftacnik} 20. Rxc8+ Rxc8 21. Bxa7 Rd8 22. Rc1 Bf8 23. Bb6 Rxd5 24.
Rc8 Nc6 25. Ra8 (25. Be4 Rd6 26. Bc5 Rd8 27. Rxd8 Nxd8 28. Bxf8 Kxf8 $11) 25...
Bb5 26. Bxb5 Rxb5 27. Be3 Kg7 28. Nd4 Ra5 {1/2-1/2 Weeks,C-Easton,A/Bristol
1991/ (28)}) 20. Ba6 {Ftacnik: 'Kramnik seems to believe, that white's chances
in this position are preferable. He recently won a first game with 8.Be3, 9.
Qd2 also against Leko in Budapest match.'} Rd8 ({After} 20... Rxc1 21. Rxc1 Rd8
{'?' Ftacnik.} (21... Bf5 $5 {Ftacnik} 22. Nd4 $14) 22. Rc7 {White attacks the
black queenside pawns while Black can't easily capture the d5 pawn because of
the weakness of his 8th rank.}) 21. Rhd1 Bc8 (21... Ba4 $5 {Ftacnik} 22. Rd3 b5
(22... Rd7 23. Ra3 b5 24. Rc5 Nb7 25. Bxb7 Rxb7 26. Rd3 $14) 23. d6 Nc4 24. d7
Bb2 25. Re1 Bc2 26. Rd5 Be4 27. Rdd1 Bc2 28. Bg5 $14) 22. Bxc8 (22. Bb5 Bd7)
22... Raxc8 23. Rxc8 Rxc8 {[%mdl 4096] It seems that Black has simplified the
position and equalised; however, White proves that his passed pawn is an
important factor.} 24. Nd4 $1 {[%csl Ra7][%cal Yd4b5,Yd4c6]} Bf8 $2 {Black
prevents 25.Nc6 but allows 25.Nb5, which turns out much more dangerous for him.
} (24... Rc7 25. Nb5 Rd7 26. Rc1 $1 h6 27. d6 $16 {[%cal Rc1c7]} a6 $140 28.
Rc7 Rd8 29. Bxb6 axb5 30. d7 $18) (24... a6 $142 25. Nc6 (25. d6 Rd8 26. Ne6
fxe6 27. Bxb6 Nb7 28. Bxd8 Nxd8 $13) 25... Nxc6 26. dxc6 Kf8 (26... Be5 27. f4
Bc7 28. Kf3 $14) 27. Rc1 b5 28. Bf4 $14) (24... Bxd4 {Ftacnik} 25. Bxd4 Rc2+
26. Kd3 Rxa2 27. d6 $16) 25. Nb5 $1 a6 {'?!' Ftacnik.} (25... Rc2+ {Ftacnik}
26. Rd2 Rxd2+ 27. Bxd2 a6 28. Bxa5 bxa5 29. Nc7 Bd6 30. Nxa6 Kg7 31. h3 Kf6 32.
Kd3 $16) 26. d6 $1 {This is what Black probably overlooked. Ftacnik: 'The free
d pawn turns into decisive piece, black fights with huge problems.'} Rc2+ (
26... axb5 27. d7 Rd8 28. Bxb6 Nc6 29. Bxd8 Nxd8 30. Rd5 {[%cal Rd5b5,Rd5e5,
Re5e8] and thanks to the 31.Re5 threat White wins the b5 pawn and the game.})
27. Kd3 Rxa2 28. d7 Nb7 (28... Nc6 29. Na7 $18) (28... Be7 29. Nc3 Ra3 (29...
Rb2 30. Bc1 Rxf2 31. Re1 $18) 30. Bxb6 Nc6 31. Kc2 Bf6 32. Nd5 $18) 29. Nc3 Rb2
(29... Ra3 30. Kc2 Be7 31. Bxb6 $18) 30. Nd5 {[%cal Re3b6,Re3d4,Rd5f6] Now
Black has a lot of possibilities but none of them provides sufficient defense.
The white pieces dominate the board.} Rb5 $6 (30... f5 {was the best chance
but after} 31. Bxb6 Kf7 32. d8=Q Nxd8 33. Bxd8 Rxf2 34. Rd2 Rxd2+ 35. Kxd2 {
the endgame, though not easy, must be winning for White}) 31. Kc2 {Maintaining
all the threats while the f2 pawn is not attacked anymore.} Bc5 32. Bh6 {
The most accurate move but} (32. Nc7 {was good enough:} Ra5 33. d8=Q+ Nxd8 34.
Rxd8+ Kg7 35. Ne8+ Kf8 36. Bg5 $1 $18) 32... f6 33. Nc7 (33. Nc7 Ra5 34. d8=Q+
Nxd8 35. Rxd8+ Kf7 36. Rd7+ Be7 37. Be3 $18) 1-0

[Event "Corus"]
[Site "Wijk aan Zee"]
[Date "2001.01.16"]
[Round "3"]
[White "Adams, Michael"]
[Black "Kramnik, Vladimir"]
[Result "1/2-1/2"]
[WhiteElo "2746"]
[BlackElo "2772"]
[Annotator "Rogozenco,D"]
[PlyCount "67"]
[EventDate "2001.01.13"]
[EventType "tourn"]
[EventRounds "13"]
[EventCountry "NED"]
[EventCategory "19"]
[SourceTitle "CBM 081"]
[Source "ChessBase"]
[SourceDate "2001.03.20"]
[SourceVersion "1"]
[SourceVersionDate "2001.03.20"]
[SourceQuality "1"]

1. e4 c5 2. Nf3 Nc6 3. d4 cxd4 4. Nxd4 Nf6 5. Nc3 e5 6. Ndb5 d6 7. Bg5 a6 8.
Na3 b5 9. Bxf6 gxf6 10. Nd5 Bg7 11. Bd3 Ne7 12. Nxe7 Qxe7 13. O-O O-O 14. c3 (
14. c4 {is a sharper alternative.}) 14... f5 15. Nc2 Rb8 16. exf5 e4 {One of
the main positions in the 10. ... Bg7-line. White has a better structure, but
as usual Black tries to use the dynamiv factor and fight for activity.} 17. Be2
{This is rather passive. On the other hand after the main 17.Re1 Black has
good chances to equalize as well:} (17. Re1 Bxf5 18. Nb4 a5 (18... Qb7 $143 19.
Bc2 a5 20. Nd5 Rfe8 21. Qd2 Bg6 22. Rad1 b4 23. cxb4 axb4 24. Bb3 $14 {1-0
Motylev,A-Yagupov,I/St Petersburg 2000 (41)}) 19. Nd5 (19. Nc6 $2 Qb7 $17)
19... Qe5 (19... Qe8 $5) 20. Bc2 Bg6 21. f4 (21. Qd2 $5) 21... Qe6 22. Ne3 b4
23. g4 bxc3 24. b4 Rxb4 25. f5 Qe5 26. Qd5 Rd4 27. Qxe5 Bxe5 $13 {1/2-1/2
Vavra,J-Glaser,H/W-ch18 sf04 corr8994 (56)}) 17... Bxf5 18. Nb4 Qg5 $1 19. Kh1
(19. Qxd6 Rbd8 20. Qg3 (20. Qxa6 Bh3 21. g3 Bxf1 22. Bxf1 Qd2 $17) 20... Qd2
$132) 19... Be5 $1 20. a4 a5 $5 {Very nice play by Kramnik.} 21. Nc6 bxa4 22.
f4 (22. Nxb8 Rxb8 {Black's activity compensate the slight loss of material.}
23. Qc2 a3 (23... e3 24. Qxa4 Rxb2 25. f4 Qg6 26. Bf3 Bxc3 27. Qe8+ Kg7 28.
Qxe3 $14 {/+/-}) 24. bxa3 (24. Rxa3 e3 25. f4 (25. Qa4 Rxb2 26. f4 Bxf4 27.
Qxf4 Qxf4 28. Rxf4 Rxe2 29. Kg1 (29. Ra1 Bd7 $17) 29... Be4 $17) 25... Bxf4 26.
Qa4 Rxb2 $17) 24... Rc8 $44 25. Qc1 Qh4 26. g3 Qf6 27. Kg2 Rxc3 28. Qd2 Rf3 $36
) 22... exf3 23. Rxf3 Be4 24. Nxb8 Rxb8 $36 {Black achieved maximum activity
and had a better position.} 25. Rxa4 d5 {He would rather keep the Bishop than
taking on f3!} 26. b4 Qh4 $2 {That's a pity - it spoils a very nice game by
this loss of time.} (26... Qh6 $1 27. g3 (27. Qg1 Bxf3 28. Bxf3 (28. gxf3+ $142
Kh8 $17) 28... Re8 $19) 27... Bxc3 $17 (27... Bxg3 28. Qg1 Kh8 29. Qxg3 Rg8 30.
Qe1 Qe3 31. Qf1 Bxf3+ 32. Bxf3 Rg1+ 33. Qxg1 Qxf3+ 34. Qg2 Qd1+ 35. Qg1 Qf3+
$11)) 27. g3 $1 (27. Qg1 Bxf3 28. Bxf3 Bxc3 $17 {[%cal Gb8e8,Ge8e1] /-+.} (
28... Re8 29. g3) 29. g3 Qf6) 27... Qh6 (27... Bxg3 $2 28. Qg1 $1 {Probably
Kramnik missed this, otherwise I cannot explain his 26th move.}) 28. Bd3 Bxf3+
(28... Bxg3 29. Ra2 {[%cal Ga2g2]}) 29. Qxf3 {White consolidated and is out of
danger.} Qc1+ 30. Kg2 Qd2+ 31. Qe2 Qxc3 32. Rxa5 Rxb4 33. Ra2 {A pawn up does
not really matter, so Black decided to call it a day.} Rb2 34. Rxb2 1/2-1/2